The little match girl (Record no. 21710)

000 -LEADER
fixed length control field 00489nam a2200145 4500
003 - CONTROL NUMBER IDENTIFIER
control field OSt
005 - DATE AND TIME OF LATEST TRANSACTION
control field 20260121162609.0
008 - FIXED-LENGTH DATA ELEMENTS--GENERAL INFORMATION
fixed length control field 260121b xxua|||| |||| 00| 0 eng d
040 ## - CATALOGING SOURCE
Transcribing agency csu
245 ## - TITLE STATEMENT
Title The little match girl
260 ## - PUBLICATION, DISTRIBUTION, ETC. (IMPRINT)
Place of publication, distribution, etc [Place of publication not identified] :
Name of publisher, distributor, etc name of [publisher not identified],
Date of publication, distribution, etc [date of publication not identified].
300 ## - PHYSICAL DESCRIPTION
Extent 30 pages:
Other physical details illustrations.
500 ## - GENERAL NOTE
General note No author, publisher, place of publication, or date identified.
942 ## - ADDED ENTRY ELEMENTS (KOHA)
Koha item type Books
Source of classification or shelving scheme
Holdings
Price effective from Permanent Location Date last seen Not for loan Date acquired Source of classification or shelving scheme Koha item type Lost status Withdrawn status Copy number Collection code Damaged status Barcode Shelving location Current Location Full call number
2026-01-21Cagayan State University - Carig Library2026-01-21 2026-01-21 Books  1Children Section C000379Children SectionCagayan State University - Carig LibraryCS C379 T3404

Cagayan State University University Library, Carig Campus
Tuguegarao City, Cagayan 3500 | www.csucarig.edu.ph

Powered by Koha